| 000 | 00656nam a22002177a 4500 | ||
|---|---|---|---|
| 999 |
_c2475 _d2475 |
||
| 001 | 10903 | ||
| 003 | BD-DhUAP | ||
| 005 | 20200225120642.0 | ||
| 008 | 200225s2006 ko a|||| |||| 00| 0 eng d | ||
| 020 | _a8987223361 | ||
| 040 |
_aBD-DhUAP _bEng _cBD-DhUAP _dBD-DhUAP |
||
| 082 |
_223 _a712.0951 JEO |
||
| 100 | _aJeong, Kwang-Young. | ||
| 245 |
_aHwaseong Newton model complex competition / _cKwang-Young Jeong. |
||
| 260 |
_aSeoul : _bArchiworld, _c2006. |
||
| 300 |
_a209 pages : _billustrations ; _c30 cm. |
||
| 490 | _aNew Town Project-1. | ||
| 650 |
_aLandscape architecture _zKorea (South) . |
||
| 650 | _aLandscape architecture. | ||
| 942 |
_2ddc _cBK |
||